| 000 | 00557nam a22001697a 4500 | ||
|---|---|---|---|
| 005 | 20260417111541.0 | ||
| 008 | 260417b |||||||| |||| 00| 0 eng d | ||
| 020 | _a13-978-0-321-83382-2 | ||
| 050 | _aQA 76.9 .E94 B66 2015 | ||
| 100 | _aBONDI, ANDRE | ||
| 245 | _aFOUNDATIONS OF SOFTWARE AND SYSTEM PERFORMANCE ENGINEERING | ||
| 260 |
_aBOSTON _bWESLEY _c2015 |
||
| 300 | _aXXXI,411P ILL | ||
| 500 | _aINCLUDES BIBLOGRAPHIC DESCRIPTION INDEX | ||
| 650 | _aPROCESS,PERFORMANCE MODELING REQUIREMENTS TESTING SCALABILITY AND PRACTICE | ||
| 942 |
_2lcc _cBK |
||
| 999 |
_c216995 _d216995 |
||